LIBRARY & INFORMATION CENTRE, KCAET, TAVANUR

ONLINE PUBLIC ACCESS CATALOGUE (OPAC)

Language arts in elementary school / (Record no. 11550)

MARC details
000 -LEADER
fixed length control field 00391cam a2200145ua 4500
041 ## - LANGUAGE CODE
Language code of text/sound track or separate title eng
082 ## - DEWEY DECIMAL CLASSIFICATION NUMBER
Classification number 372.6
Item number PET/LA
100 ## - MAIN ENTRY--AUTHOR NAME
Personal name Petty, Walter T .
245 ## - TITLE STATEMENT
Title Language arts in elementary school /
260 ## - PUBLICATION, DISTRIBUTION, ETC. (IMPRINT)
Place of publication New Delhi :
Name of publisher Prentice Hall of India Pvt Ltd. ,
Year of publication 1965.
300 ## - PHYSICAL DESCRIPTION
Number of Pages 116 ; .
942 ## - ADDED ENTRY ELEMENTS (KOHA)
Koha item type Books
Holdings
Withdrawn status Lost status Damaged status Home library Current library Date acquired Full call number Accession Number Koha item type
Withdrawn     KAUAET Sanskrit University 07/04/2012 372.6 10836 Books
free website counter